[Event "Mediterranean Flower-A (Women) 12th"]
[Site "Rijeka"]
[Date "2012.03.07"]
[Round "6"]
[White "Yordanova, Svetla"]
[Black "Mrakovcic, Karmen"]
[Result "1-0"]
[WhiteElo "2116"]
[BlackElo "1779"]
[PlyCount "109"]
[EventDate "2012.03.03"]
[EventType "tourn"]
[EventRounds "9"]
[EventCountry "CRO"]
[SourceTitle "CBM 147 Extra"]
[Source "ChessBase"]
[SourceDate "2012.04.24"]
[SourceVersion "1"]
[SourceVersionDate "2012.04.24"]
[SourceQuality "1"]

1. e4 c5 2. c3 d5 3. exd5 Qxd5 4. d4 Nf6 5. Nf3 Bg4 6. dxc5 Qxd1+ 7. Kxd1 e5 8. b4 e4 9. h3 Bh5 10. g4 Nxg4 11. hxg4 Bxg4 12. Nbd2 exf3 13. Bd3 h5 14. Nc4 f6 15. Bg6+ Kd7 16. Bf4 Be6 17. Ne3 Nc6 18. Kc2 Ne5 19. Rad1+ Ke7 20. Bxe5 fxe5 21. Be4 Rb8 22. Bxf3 h4 23. b5 g5 24. c4 Kf6 25. c6 bxc6 26. Bxc6 Bc5 27. Nd5+ Kg6 28. f3 Bd4 29. a4 Bxd5 30. Bxd5 Kf5 31. Rh2 Kf4 32. Kd3 Rbd8 33. Re1 Rxd5 34. cxd5 Kxf3 35. Reh1 Bf2 36. Rh3+ Bg3 37. Rf1+ Kg2 38. Rhh1 Bf4 39. Ke4 Rc8 40. Rfg1+ Kf2 41. Rf1+ Kg2 42. Rfg1+ Kf2 43. Rf1+ Kg2 44. d6 Rc4+ 45. Kd5 Rd4+ 46. Ke6 e4 47. Rhg1+ Kh2 48. d7 Bc7 49. Rxg5 Rxa4 50. Rf4 Bxf4 51. d8Q Bxg5 52. Qxg5 h3 53. Qg4 Ra2 54. Qxe4 Kg1 55. Qb1+ 1-0

[Event "Mediterranean Flower-A (Women) 12th"]
[Site "Rijeka"]
[Date "2012.03.04"]
[Round "2"]
[White "Medic, Mirjana"]
[Black "Mrakovcic, Karmen"]
[Result "1-0"]
[WhiteElo "2236"]
[BlackElo "1779"]
[PlyCount "45"]
[EventDate "2012.03.03"]
[EventType "tourn"]
[EventRounds "9"]
[EventCountry "CRO"]
[SourceTitle "CBM 147 Extra"]
[Source "ChessBase"]
[SourceDate "2012.04.24"]
[SourceVersion "1"]
[SourceVersionDate "2012.04.24"]
[SourceQuality "1"]

1. d4 Nf6 2. Nf3 g6 3. c4 Bg7 4. g3 d6 5. Bg2 0-0 6. 0-0 Nbd7 7. Nc3 e5 8. h3 exd4 9. Nxd4 Nb6 10. b3 c5 11. Ndb5 Ne8 12. Bb2 a6 13. Na3 Rb8 14. Qd2 Be6 15. Rad1 f5 16. Nab1 Qf6 17. Na4 Qd8 18. Bxg7 Kxg7 19. Nxc5 Bc8 20. Nc3 Qe7 21. Nd3 Be6 22. Nf4 Nd7 23. Qe3 1-0

[Event "CRO-chT (Women) 20th"]
[Site "Sibenik"]
[Date "2011.10.08"]
[Round "6.1"]
[White "Samanic, Verena"]
[Black "Mrakovcic, Karmen"]
[Result "1/2-1/2"]
[WhiteElo "1626"]
[BlackElo "1768"]
[PlyCount "185"]
[EventDate "2011.10.04"]
[EventType "team-tourn"]
[EventRounds "7"]
[EventCountry "CRO"]
[SourceTitle "CBM 144 Extra"]
[Source "ChessBase"]
[SourceDate "2011.10.28"]
[SourceVersion "1"]
[SourceVersionDate "2011.10.28"]
[SourceQuality "1"]
[WhiteTeam "Rijeka (W)"]
[BlackTeam "Rijeka Erste Banka (W)"]
[WhiteTeamCountry "CRO"]
[BlackTeamCountry "CRO"]

1. e4 c5 2. Nf3 d6 3. d4 cxd4 4. Nxd4 Nf6 5. Nd2 g6 6. Bb5+ Nbd7 7. c3 Bg7 8. 0-0 a6 9. Ba4 0-0 10. Re1 Nc5 11. Bc2 Qc7 12. h3 b5 13. N2b3 Rd8 14. Qe2 Nfd7 15. Nxc5 dxc5 16. Nf3 Bb7 17. Bg5 Nb6 18. Rad1 Nc4 19. Bc1 Qc6 20. Rxd8+ Rxd8 21. Rd1 Rxd1+ 22. Qxd1 Nd6 23. Nd2 Bh6 24. f3 e5 25. Bb3 Qb6 26. Kh1 c4 27. Bc2 Kg7 28. Nf1 Bxc1 29. Qxc1 Ne8 30. Qd2 Nf6 31. Ne3 Nh5 32. Kh2 Bc8 33. g3 Qf6 34. Qf2 Qe6 35. Qg2 Qd7 36. Ng4 Qd6 37. Ne3 Be6 38. Qf2 a5 39. a3 Nf6 40. Qe2 Nd7 41. Ng2 Nc5 42. Ne1 Bd7 43. Kg2 Qe6 44. g4 Qd6 45. Kh1 Ne6 46. Ng2 Kf8 47. Kh2 Nc5 48. Ne1 Qf6 49. Qe3 Ne6 50. Ng2 Ng5 51. Bd1 Ne6 52. Qd2 Qe7 53. Qe3 Qc5 54. Qe2 Bc6 55. Kh1 Ke7 56. Bc2 f6 57. Kh2 Ng5 58. Ne1 Qd6 59. Qe3 Qd7 60. Qc5+ Kf7 61. Qe3 Bb7 62. Kg2 Bc8 63. Kh2 h5 64. Qe2 hxg4 65. hxg4 Qd8 66. Kg3 Qh8 67. Qf1 Ne6 68. Ng2 Qh6 69. Kf2 Qh2 70. Qg1 Qh3 71. Ke2 Qg3 72. Qf2 Qxf2+ 73. Kxf2 Ke7 74. Ke3 g5 75. Bd1 Kd6 76. Kd2 Kc5 77. Be2 b4 78. axb4+ axb4 79. Bd1 bxc3+ 80. bxc3 Ba6 81. Kc2 Bb5 82. Kd2 Nc7 83. Ne3 Ba6 84. Kc2 Bb5 85. Kd2 Bc6 86. Be2 Bb5 87. Bd1 Ba6 88. Kc2 Bb5 89. Kd2 Bc6 90. Be2 Bb5 91. Bd1 Ba6 92. Kc2 Bb5 93. Kd2 1/2-1/2

[Event "CRO-ch U17 Girls"]
[Site "Topusko"]
[Date "2011.07.25"]
[Round "3"]
[White "Mrakovcic, Karmen"]
[Black "Ljikar, Tamara"]
[Result "1/2-1/2"]
[WhiteElo "1764"]
[BlackElo "1766"]
[PlyCount "98"]
[EventDate "2011.07.24"]
[EventType "swiss"]
[EventRounds "9"]
[EventCountry "CRO"]
[SourceTitle "EXT 2012"]
[Source "ChessBase"]
[SourceDate "2011.11.24"]
[SourceVersion "1"]
[SourceVersionDate "2011.11.24"]
[SourceQuality "1"]

1. c4 e5 2. g3 Nc6 3. Bg2 g6 4. Nc3 Bg7 5. Nf3 d6 6. d3 h6 7. Rb1 a5 8. a3 f5 9. Bd2 Nf6 10. Qc2 Be6 11. 0-0 0-0 12. b4 axb4 13. axb4 g5 14. b5 Ne7 15. Rb4 Ng6 16. Rfb1 g4 17. Ne1 Rb8 18. Nd5 Nd7 19. b6 c6 20. Nc7 Bf7 21. Qb3 f4 22. Bc3 h5 23. Qb2 h4 24. Ra4 Qf6 25. Rba1 Nc5 26. Ra8 Rxa8 27. Rxa8 Rxa8 28. Nxa8 Qf5 29. Qa3 e4 30. Bxg7 Kxg7 31. Qc3+ Kg8 32. dxe4 Nxe4 33. Qd3 d5 34. cxd5 Bxd5 35. f3 gxf3 36. exf3 Nd6 37. Qxf5 Nxf5 38. Bh3 Nd4 39. Bc8 c5 40. Kf2 Kf7 41. Nc7 Bc6 42. Nd3 fxg3+ 43. hxg3 hxg3+ 44. Kxg3 c4 45. Ne1 c3 46. f4 Ne7 47. Bg4 c2 48. Nxc2 Nxc2 49. Bf3 Nd4 1/2-1/2

[Event "CRO-chT U16 final Girls"]
[Site "Topusko"]
[Date "2010.12.28"]
[Round "3.33"]
[White "Mrakovcic, Karmen"]
[Black "Posmuga, Suzana"]
[Result "1-0"]
[WhiteElo "1724"]
[BlackElo "1584"]
[PlyCount "75"]
[EventDate "2010.12.27"]
[EventType "team-tourn"]
[EventRounds "7"]
[EventCountry "CRO"]
[SourceTitle "EXT 2012"]
[Source "ChessBase"]
[SourceDate "2011.11.24"]
[SourceVersion "1"]
[SourceVersionDate "2011.11.24"]
[SourceQuality "1"]

1. b3 e5 2. Bb2 Nc6 3. g3 Nf6 4. Bg2 Bc5 5. e3 d5 6. Ne2 Be6 7. d4 exd4 8. Nxd4 0-0 9. Nxe6 fxe6 10. 0-0 Qd6 11. Nc3 Rad8 12. Nb5 Qd7 13. Nd4 Ne7 14. Bh3 Nf5 15. Qe2 c6 16. Rad1 Rde8 17. f3 Nd6 18. Qd3 Qf7 19. Rde1 g6 20. f4 Nde4 21. Nf3 Nd7 22. Ne5 Nxe5 23. Bxe5 Bd6 24. Bb2 Bc5 25. Bg2 Qf5 26. Bxe4 dxe4 27. Qc3 e5 28. Qxc5 exf4 29. Qxf5 gxf5 30. Rxf4 Rd8 31. Bd4 b6 32. b4 h6 33. c4 Kh7 34. Ref1 Kg6 35. g4 Rd7 36. Rxf5 Rxf5 37. Rxf5 Rd6 38. Re5 1-0

[Event "CRO-chT U16 final Girls"]
[Site "Topusko"]
[Date "2010.12.27"]
[Round "1.33"]
[White "Marijan, Boni"]
[Black "Mrakovcic, Karmen"]
[Result "1-0"]
[WhiteElo "1572"]
[BlackElo "1724"]
[PlyCount "83"]
[EventDate "2010.12.27"]
[EventType "team-tourn"]
[EventRounds "7"]
[EventCountry "CRO"]
[SourceTitle "EXT 2012"]
[Source "ChessBase"]
[SourceDate "2011.11.24"]
[SourceVersion "1"]
[SourceVersionDate "2011.11.24"]
[SourceQuality "1"]

1. e4 c5 2. Nf3 d6 3. d4 cxd4 4. Nxd4 Nf6 5. Nc3 Nc6 6. Be3 g6 7. g3 Bg7 8. Bg2 Bd7 9. 0-0 0-0 10. f3 a6 11. Bf2 Qc7 12. Nde2 Ne5 13. Nf4 e6 14. Nd3 Nc4 15. Rc1 b5 16. b3 Nb6 17. Ne2 Bh6 18. f4 Ng4 19. e5 Nxf2 20. Nxf2 d5 21. Qd4 Bg7 22. Ng4 Bc6 23. Nf6+ Kh8 24. g4 Nd7 25. Qc3 Bxf6 26. exf6 Qb6+ 27. Kh1 Rac8 28. g5 b4 29. Qh3 Bb5 30. Rfe1 Qd6 31. Qg4 a5 32. Nd4 Ba6 33. Nxe6 fxe6 34. Rxe6 Qc5 35. Rxa6 Qe3 36. Rf1 Nb6 37. Ra7 h5 38. gxh6 Rxf6 39. Qg5 Re6 40. h7 Qd4 41. Qh4 Nc4 42. Rc7 1-0

[Event "CRO-chT (Women)"]
[Site "Sibenik"]
[Date "2010.09.08"]
[Round "5"]
[White "Kruljac, Petra"]
[Black "Mrakovcic, Karmen"]
[Result "1-0"]
[WhiteElo "2057"]
[BlackElo "1712"]
[PlyCount "73"]
[EventDate "2010.09.04"]
[EventType "team-tourn"]
[EventRounds "9"]
[EventCountry "CRO"]
[SourceTitle "CBM 138 Extra"]
[Source "ChessBase"]
[SourceDate "2010.10.29"]
[SourceVersion "1"]
[SourceVersionDate "2010.10.29"]
[SourceQuality "1"]

1. d4 Nf6 2. Nf3 d6 3. g3 g6 4. Bg2 Bg7 5. c4 0-0 6. Nc3 c6 7. 0-0 Nbd7 8. h3 e5 9. e4 exd4 10. Nxd4 Qc7 11. Be3 a5 12. Na4 Re8 13. Qc2 Nc5 14. Nxc5 dxc5 15. Nb3 b6 16. Bf4 Qb7 17. Rad1 a4 18. Nc1 Bd7 19. g4 Kh8 20. Rd6 Ng8 21. Rfd1 Re7 22. e5 Be8 23. Nd3 a3 24. b3 Re6 25. Rxe6 fxe6 26. Ne1 g5 27. Bxg5 Bxe5 28. Qe4 Qg7 29. Nf3 Bf6 30. Bf4 Ra7 31. g5 Bc3 32. Ne5 Ne7 33. Rd8 Qf8 34. Ng4 Ng6 35. Bd6 Re7 36. Qc2 Bd4 37. Bxc6 1-0

[Event "Valpovo op (Women)"]
[Site "Valpovo"]
[Date "2009.12.06"]
[Round "6"]
[White "Ivekovic, Tihana"]
[Black "Mrakovcic, Karmen"]
[Result "1/2-1/2"]
[WhiteElo "1806"]
[BlackElo "1669"]
[PlyCount "47"]
[EventDate "2009.12.04"]
[EventType "swiss"]
[EventRounds "7"]
[EventCountry "CRO"]
[SourceTitle "CBM 133 Extra"]
[Source "ChessBase"]
[SourceDate "2010.01.05"]
[SourceVersion "1"]
[SourceVersionDate "2010.01.05"]
[SourceQuality "1"]

1. e4 c5 2. Nf3 d6 3. d4 cxd4 4. Nxd4 Nf6 5. Nc3 g6 6. Be3 Bg7 7. Be2 Nc6 8. 0-0 0-0 9. Qd2 Re8 10. Nb3 Bd7 11. h3 a6 12. a4 Rc8 13. a5 Be6 14. Bb6 Qd7 15. Rad1 Ne5 16. f4 Nc4 17. Bxc4 Rxc4 18. Qd3 Rec8 19. f5 Nxe4 20. Nxe4 Bxf5 21. Nbd2 Rxc2 22. Qf3 d5 23. Ng3 Be6 24. Nde4 1/2-1/2

[Event "CRO-ch U17 Girls"]
[Site "Bjelolasica"]
[Date "2009.07.26"]
[Round "1"]
[White "Vujnovic, Patricija"]
[Black "Mrakovcic, Karmen"]
[Result "1-0"]
[WhiteElo "1863"]
[BlackElo "1669"]
[PlyCount "59"]
[EventDate "2009.07.26"]
[EventType "swiss"]
[EventRounds "9"]
[EventCountry "CRO"]
[SourceTitle "EXT 2011"]
[Source "ChessBase"]
[SourceDate "2010.11.26"]
[SourceVersion "1"]
[SourceVersionDate "2010.11.26"]
[SourceQuality "1"]

1. b3 Nf6 2. Bb2 e6 3. e3 c5 4. Nf3 Be7 5. d4 0-0 6. Bd3 d6 7. Nbd2 b6 8. 0-0 Bb7 9. c4 Nbd7 10. Qe2 Rc8 11. Rad1 cxd4 12. Bxd4 e5 13. Bb2 e4 14. Bb1 exf3 15. Nxf3 Qc7 16. Nd4 Ba6 17. Nf5 Rce8 18. Qf3 d5 19. cxd5 Bd6 20. Rc1 Qb8 21. Rfd1 Bb7 22. Qh3 g6 23. Nh6+ Kg7 24. Qxd7 Kxh6 25. Bxf6 Bxh2+ 26. Kh1 Bc8 27. Rxc8 Qxc8 28. Qxc8 Rxc8 29. Kxh2 Rc7 30. Rh1 1-0

[Event "CRO-ch U15 Girls"]
[Site "Novi Vinodolski"]
[Date "2009.06.22"]
[Round "3"]
[White "Mrakovcic, Karmen"]
[Black "Ivekovic, Tihana"]
[Result "1/2-1/2"]
[WhiteElo "1661"]
[BlackElo "1797"]
[PlyCount "119"]
[EventDate "2009.06.21"]
[EventType "swiss"]
[EventRounds "9"]
[EventCountry "CRO"]
[SourceTitle "EXT 2011"]
[Source "ChessBase"]
[SourceDate "2010.11.26"]
[SourceVersion "1"]
[SourceVersionDate "2010.11.26"]
[SourceQuality "1"]

1. c4 e5 2. g3 g6 3. Bg2 Bg7 4. Nc3 d6 5. d3 Nc6 6. Nf3 Nf6 7. h4 0-0 8. Bd2 Be6 9. Qc1 h5 10. Bh6 Qd7 11. Bxg7 Kxg7 12. Ng5 d5 13. Nxe6+ fxe6 14. b3 Qf7 15. Rf1 Rad8 16. Rb1 Nd4 17. Bh3 c6 18. Qg5 Nf5 19. f3 Nh7 20. Qd2 Nxg3 21. Rg1 Nf5 22. Bxf5 Qxf5 23. Kd1 Qf4 24. Qe1 e4 25. fxe4 dxe4 26. Kc2 exd3+ 27. exd3 Qh2+ 28. Ne2 Rf2 29. Kd2 Qf4+ 30. Kc3 Qe3 31. Nc1 Qd4+ 32. Kb4 a5+ 33. Ka3 e5 34. Rg3 Qc5+ 35. b4 axb4+ 36. Qxb4 Ra8+ 37. Kb3 b6 38. Qxc5 bxc5 39. Kc3 Ra3+ 40. Rb3 Rxb3+ 41. Nxb3 Rxa2 42. Nxc5 Rh2 43. Ne6+ Kf6 44. Nd8 Rxh4 45. Nxc6 Rg4 46. Re3 Rg5 47. c5 h4 48. Kc4 Nf8 49. Kd5 Nd7 50. Kd6 Nxc5 51. Kxc5 e4+ 52. Kd4 exd3 53. Rxd3 Kf5 54. Ne7+ Kg4 55. Nc6 Kf4 56. Ne7 Rg3 57. Nd5+ Kg4 58. Ne3+ Kh5 59. Ke4 g5 60. Rd8 1/2-1/2

[Event "CRO-ch U15 Girls"]
[Site "Novi Vinodolski"]
[Date "2009.06.22"]
[Round "4"]
[White "Racki, Barbara"]
[Black "Mrakovcic, Karmen"]
[Result "1/2-1/2"]
[WhiteElo "1661"]
[BlackElo "1661"]
[PlyCount "53"]
[EventDate "2009.06.21"]
[EventType "swiss"]
[EventRounds "9"]
[EventCountry "CRO"]
[SourceTitle "EXT 2011"]
[Source "ChessBase"]
[SourceDate "2010.11.26"]
[SourceVersion "1"]
[SourceVersionDate "2010.11.26"]
[SourceQuality "1"]

1. e4 c5 2. Nf3 d6 3. c3 Nf6 4. d3 Nc6 5. Be2 g6 6. Bg5 Bg7 7. Qd2 h6 8. Be3 Ng4 9. Bf4 e5 10. Be3 Nxe3 11. Qxe3 0-0 12. 0-0 Rb8 13. Na3 b5 14. Nc2 b4 15. cxb4 Nxb4 16. Nxb4 Rxb4 17. Rab1 Be6 18. b3 Qb8 19. Rbc1 a5 20. Bd1 Rb7 21. Nd2 f5 22. f3 f4 23. Qe1 Rd8 24. Nc4 Bxc4 25. dxc4 Ra7 26. Qd2 Qa8 27. Qe2 1/2-1/2